| 000 | 00768nam a2200169 i 4500 | ||
|---|---|---|---|
| 001 | 41541 | ||
| 003 | ES-MaACL | ||
| 005 | 20230906160441.0 | ||
| 007 | t| | ||
| 008 | 030311s1919 sp c |||| | spa d | ||
| 245 | 0 | 0 | _aDos casos sin precedente en las cuestiones de lances de honor que el semanario "El Sombrero de Tres Picos" rindiendo debido homenaje a la justicia, al honor y el valor de su director Don Ramón Díaz de Bustamante y García somete al examen y juicio de cuantos sean caballeros y juzguen dignamente. |
| 260 |
_aMadrid : _b[s.n.], _c1919 ( _fImp. de Gabriel López del Homo) |
||
| 300 |
_a100 p. : _b1 retr. ; _c20 cm. |
||
| 599 | _aRetr. del Dr. D. Ramón Díaz de Bustamante. | ||
| 650 | 4 |
_aDuelos- _zEspaña. _9155858 |
|
| 852 |
_aES-MaACL _j1587-F-5 |
||
| 999 |
_c41541 _d41541 |
||